| 000 | 00493nam a22001697a 4500 | ||
|---|---|---|---|
| 003 | OSt | ||
| 005 | 20251213032252.0 | ||
| 008 | 251213b |||||||| |||| 00| 0 eng d | ||
| 020 | _a971-881-648-8. | ||
| 040 |
_aDWCL-Admin lib _cOC |
||
| 082 | _aFil. 268 L137 2001 | ||
| 245 | _aLagom ng katesismo para sa mga pilipinong katoliko / | ||
| 260 |
_aManila: _bCBCP/ECCCE Word & Life Publications |
||
| 300 |
_a xvi, 288 p. ; _c21 cm. |
||
| 650 | _a1. Katesismo. | ||
| 942 |
_2ddc _cBK - FIL _kFil. _n0 |
||
| 999 |
_c7063 _d7063 |
||